The magnetic circuit /

Guardado en:
Autor Principal: Rieger, Heinz.
Formato: Libro
Idioma:English
German
Publicado: Berlin : Siemens Aktiengesellschaft, c1978.
Series:Programmed instruction ; 04
Materias:
Etiquetas: Agregar Etiqueta
Sin Etiquetas, Sea el primero en etiquetar este registro!
LEADER 00750nam a22002295a 4500
001 EUN.eunm006599
005 20160926122215.0
008 041125s1978####gw#a##########000#0#eng#d
020 |a 3800947196 (Siemens) 
020 |a 0855015047 (Heyden) 
041 1 |a eng  |h ger 
082 0 4 |a 537.12  |2 15 
100 1 |a Rieger, Heinz. 
245 1 4 |a The magnetic circuit /  |c Heinz Rieger. 
260 |a Berlin :  |b Siemens Aktiengesellschaft,  |c c1978. 
300 |a 69 p. :  |b il. ;  |c 21 cm. 
490 0 |a Programmed instruction ;  |v 04 
500 |a Traducción de: Der magnetische Kreis. 
650 7 |a Física.  |2 unbist 
650 7 |a Campos electromagnéticos.  |2 unbist 
650 7 |a Enseñanza programada.  |2 abne 
859 |a AR-BaUNS  |b BIB. CENTRAL - Sector A  |h 537.12  |i R443  |p 81526/979